Automation Platform for Power Utilities SPRECON -E.

Uložené v:
Podrobná bibliografia
Médium: Kniha
Jazyk:Slovak
English
Vydané: 2017.
Vydanie:1. vydanie
Témy:
On-line prístup:http://www.sprecher-automation.com
Fyzický popis: 19 strán.
Tagy: Pridať tag
Žiadne tagy, Buďte prvý kto otaguje tento záznam!

MARC

LEADER 00000nam^a22000003a^4500
001 000549246
003 SVKKK
005 20170630100617.0
008 170630s2017 xo |||| 0 slo^d
040 |a SVKKK  |b slo  |c SVKKK  |e AACR2 
041 0 |a eng 
044 |a au  |c AT 
080 |a 681.5  |2 2001 
110 2 |a Sprecher Automation GmbH  |c Franckstrasse 51, 4018 Linz, Rakúsko  |4 mfr 
245 1 0 |a Automation Platform for Power Utilities SPRECON -E. 
250 |a 1. vydanie 
260 |c 2017. 
300 |a 19 strán. 
655 7 |a firemné prospekty  |2 SNKPH 
710 2 |a Sprecher Automation spol. s r. o.  |c Kopčianska 14, 851 01 Bratislava  |4 dst 
856 4 1 |u http://www.sprecher-automation.com 
910 |a svkkk 
998 |a FL 
090 |g SCKHL  |k SK42  |a 681.5  |j 234902  |i 549247-10  |4 zastaraná  |s Vyradená